[Event "Match"]
[Site "www.echecsemail.com"]
[Date "2015.11.12"]
[Round "1"]
[White "Libiesse"]
[Black "Goosebumps"]
[WhiteElo "2010"]
[BlackElo "2130"]
[Result "0-1"]
[Round "1"]
1.d4 Ng8f6
2.c4 b6
3.f3 e6
4.e4 d5
5.cxd5 exd5
6.e5 Nf6d7
7.Qd1b3 Bc8b7
8.Nb1c3 Qd8h4
9.g3 Qh4xd4
10.Ng1e2 Qd4xe5
11.Bc1f4 Qe5f5
12.Ra1d1 c6
13.Qb3a4 Nd7c5
14.Qa4d4 Nc5e6
15.Qd4a4 Bf8e7
16.Bf1g2 Nb8d7
17.O-O Nd7c5
18.Rd1xd5 Qf5g6
19.Rd5xc5 Ne6xc5
20.Qa4d1 Nc5d3
21.Bf4c1 Ra8d8
22.Qd1a4 Be7c5
23.Kh1 Qg6h5
24.Qa4e4 Kf8
25.Bc1e3 Bb7a6
26.Be3xc5 Qh5xc5
27.Nc3d1 Rd8e8
28.Qe4d4 Re8xe2
29.Qd4xc5 Nd3xc5
{ resign }
0-1

[Event "Match"]
[Site "www.echecsemail.com"]
[Date "2015.11.12"]
[Round "1"]
[White "Maredocla"]
[Black "Mitja"]
[WhiteElo "2000"]
[BlackElo "1990"]
[Result "0-1"]
[Round "1"]
1.b3 d5
2.Bc1b2 e6
3.e3 a6
4.g3 Ng8f6
5.Bf1g2 c6
6.Qd1f3 Bf8e7
7.h4 Nb8d7
8.Ng1e2 Nd7b6
9.Bg2h3 Bc8d7
10.d3 h6
11.Nb1d2 Rh8g8
12.g4 g5
13.h5 Ra8b8
14.O-O-O Nb6a8
15.Bb2e5 Rb8c8
16.e4 Nf6h7
17.Kb1 Be7f6
18.Be5xf6 Nh7xf6
19.e5 Nf6h7
20.c4 dxc4
21.Nd2xc4 Ke7
22.Nc4d6 Rg8f8
23.Qf3e4 Nh7f6
24.Nd6xc8 Bd7xc8
25.exf6 Kxf6
26.f4 Na8c7
27.fxg5 hxg5
28.Ne2d4 Nc7d5
29.Kb2 Qd8a5
30.Rh1f1 Ke7
31.Qe4e5 Qa5c3
32.Kb1 Qc3c5
33.Rd1c1 Nd5c3
34.Rc1xc3 Qc5xe5
35.Rc3c4 Bc8d7
36.Nd4c2 Qe5g3
37.Rc4c5 Qg3xh3
38.Rf1e1 Qh3xg4
{ resign }
0-1

[Event "Match"]
[Site "www.echecsemail.com"]
[Date "2015.11.12"]
[Round "1"]
[White "Daviko"]
[Black "Carlosto"]
[WhiteElo "1580"]
[BlackElo "1450"]
[Result "1-0"]
[Round "1"]
1.e4 e5
2.Ng1f3 d6
3.Bf1c4 Bc8g4
4.h3 Bg4h5
5.g4 Bh5g6
6.d3 Nb8d7
7.Nf3g5 Nd7b6
8.Bc4b3 h5
9.Qd1f3 f6
10.Ng5e6 Qd8d7
11.Nb1c3 Bg6f7
12.Qf3f5 Ng8h6
13.Ne6xf8 Rh8xf8
14.Qf5h7 Rf8g8
15.g5 fxg5
16.Bc1xg5 d5
17.Rh1g1 dxe4
18.Bg5xh6 O-O-O
19.Bh6xg7 exd3
20.Nc3e4 dxc2
21.Bb3xc2 Qd7c6
22.Qh7f5 Bf7e6
23.Qf5xe5 Rd8d5
24.Qe5f6 Rg8e8
25.Bc2b3 Rd5d3
26.Bb3xe6 Re8xe6
27.Qf6f8 Re6e8
28.Qf8f5 Kb8
29.Bg7c3 Re8xe4
30.Kf1 a6
31.Qf5f8 Re4e8
32.Qf8f5 Nb6a4
33.Qf5xd3 Na4xc3
34.bxc3 Qc6e6
35.Ra1b1 Qe6xa2
36.Qd3g6 Qa2e2
37.Kg2 Qe2e5
38.f4 Qe5d5
39.Kh2 Re8e2
40.Rg1g2 Re2e6
41.Rb1d1 Qd5xd1
42.Qg6xe6 a5
43.Rg2g8 Ka7
44.Qe6e3 Ka6
45.Rg8a8 Kb5
46.Qe3e5 c5
47.Qe5e8 Kc4
48.f5 Qd1d2
49.Kg3 Qd2g5
50.Kf3 Qg5xf5
51.Ke2 Qf5c2
52.Kf3 Qc2xc3
53.Qe8e3 Qc3xe3
54.Kxe3 Kb4
55.Ra8h8 c4
56.Kd2 Kb3
57.Rh8xh5 a4
58.Rh5b5 Ka2
59.Kc3 a3
60.Kxc4 Ka1
61.h4 a2
62.h5 b6
63.Rb5b3 b5
64.Kc5 b4
65.Rb3d3 Kb1
66.Rd3d1 Kb2
67.Rd1d2 Ka3
68.Rd2xa2 Kxa2
69.Kxb4 { resign }
1-0

[Event "Match"]
[Site "www.echecsemail.com"]
[Date "2015.11.12"]
[Round "1"]
[White "Cathar"]
[Black "Genius7"]
[WhiteElo "2260"]
[BlackElo "1730"]
[Result "0-1"]
[Round "1"]
1.e4 c5
2.Ng1f3 Nb8c6
3.Bf1b5 g6
4.Bb5xc6 dxc6
5.d3 Bf8g7
6.h3 e5
7.Bc1e3 Qd8e7
8.Nb1d2 b6
9.O-O Ng8f6
10.Nd2c4 Nf6d7
11.Qd1d2 Bc8a6
12.Be3h6 O-O
13.Bh6xg7 Kxg7
14.Nc4e3 Ra8d8
15.Ne3g4 f6
16.Nf3h4 Kh8
17.Qd2h6 Qe7g7
18.Qh6xg7 Kxg7
19.Ng4e3 Rf8e8
20.Nh4f3 Nd7f8
21.Nf3d2 Nf8e6
22.a4 Ne6f4
23.a5 b5
24.Nd2b3 Nf4e6
25.Rf1d1 Rd8d7
26.g3 Re8d8
27.Nb3c1 c4
28.b4 Ba6b7
29.f3 c5
30.Kf2 cxb4
{ resign }
0-1

[Event "Match"]
[Site "www.echecsemail.com"]
[Date "2015.11.12"]
[Round "1"]
[White "Jhw"]
[Black "Pare123"]
[WhiteElo "1950"]
[BlackElo "1970"]
[Result "0-1"]
[Round "1"]
1.c4 e6
2.e3 Ng8f6
3.a3 Nb8c6
4.Nb1c3 Bf8e7
5.d4 d6
6.b4 a6
7.Bf1d3 O-O
8.f4 Rf8e8
9.g4 e5
10.d5 Bc8xg4
11.Qd1c2 Nc6b8
12.f5 Qd8d7
13.h3 Bg4h5
14.e4 g6
15.Bc1h6 Be7f8
16.Bh6xf8 Re8xf8
17.Ng1e2 Bh5xe2
18.Bd3xe2 Kg7
19.Be2g4 Nf6xg4
20.hxg4 Rf8h8
21.Qc2h2 h6
22.O-O-O Qd7e7
23.Rd1g1 Qe7g5
24.Kb2 Nb8d7
25.Rg1g3 a5
26.Nc3b5 axb4
27.axb4 Nd7f6
28.Rh1g1 Nf6xe4
29.Rg3d3 Ra8a4
30.Nb5xc7 Ra4xb4
31.Ka3 Rb4xc4
32.Nc7e6 fxe6
33.dxe6 Rh8a8
34.Kb2 Rc4a4
35.Rg1g2 Ra4a2
36.Kb3 Ne4c5
37.Kc4 Ra2a4
38.Kb5 Nc5xd3
39.Rg2c2 Ra4b4
{ resign }
0-1

[Event "Eq:Slap Shot Mates-CONFOEDERATIONIS HELVETICAE : "]
[Site "www.chess-mail.com"]
[Date "2015.11.12"]
[Round "1"]
[White "Jacks"]
[Black "Echo314"]
[WhiteElo "2850"]
[BlackElo "2750"]
[Result "1-0"]
[Round "1"]
1.e4 c5
2.Ng1f3 d6
3.d4 Ng8f6
4.Nb1c3 cxd4
5.Nf3xd4 a6
6.Bc1g5 e6
7.f4 Qd8b6
8.Qd1d2 Qb6xb2
9.Ra1b1 Qb2a3
10.e5 dxe5
11.fxe5 Nf6d7
12.Nc3e4 Qa3xa2
13.Rb1d1 h6
14.Bg5h4 Qa2d5
15.Qd2e3 Qd5xe5
16.Bf1e2 Bf8c5
17.Bh4g3 Qe5d5
18.c4 Bc5xd4
19.Rd1xd4 Qd5a5
20.Rd4d2 O-O
21.Bg3d6 Rf8d8
22.g4 f5
23.g5 fxe4
24.gxh6 { resign }
1-0

[Event "Tourn. n8432"]
[Site "www.chess-mail.com"]
[Date "2015.11.13"]
[Round "1"]
[White "Azulmarino"]
[Black "Osmundw"]
[WhiteElo "1740"]
[BlackElo "1639"]
[Result "1-0"]
[Round "1"]
1.e4 e6
2.d3 Ng8f6
3.f3 h6
4.Bc1e3 g5
5.g4 d5
6.d4 dxe4
7.Nb1c3 Nb8c6
8.Bf1c4 Bf8d6
9.fxe4 e5
10.Qd1f3 exd4
11.Nc3d5 Nc6e5
12.Nd5xf6 Kf8
13.Qf3f2 Bc8xg4
14.Nf6xg4 Ne5xc4
15.Be3xd4 Rh8g8
16.Ng4xh6 Bd6b4
17.c3 Nc4xb2
18.Qf2xf7 { resign }
1-0

[Event "Tourn. n8460"]
[Site "www.chess-mail.com"]
[Date "2015.11.13"]
[Round "1"]
[White "Dulap"]
[Black "Roque1"]
[WhiteElo "1800"]
[BlackElo "1520"]
[Result "1-0"]
[Round "1"]
1.e4 c5
2.Ng1f3 e6
3.d4 cxd4
4.Nf3xd4 Ng8f6
5.Nb1c3 Qd8b6
6.Nd4b3 Bf8b4
7.Bf1d3 d5
8.e5 Nf6d7
9.Bc1d2 Nd7xe5
10.Bd3b5 Nb8c6
11.Bb5xc6 bxc6
12.a3 Bb4e7
13.O-O Bc8a6
14.Rf1e1 Ne5c4
15.Bd2f4 Nc4xb2
16.Qd1g4 Be7f6
17.Bf4e5 O-O-O
18.Be5xf6 gxf6
19.Ra1b1 Rh8g8
20.Qg4h5 Rg8g5
21.Qh5xf7 Rd8g8
22.Qf7xe6 Kb8
23.g3 Nb2c4
24.Qe6xf6 h5
25.Nb3d4 Nc4b2
26.Nc3d1 Qb6c7
27.Rb1xb2 Kc8
28.Re1e7 Rg5xg3
29.fxg3 Rg8xg3
30.Kf2 Qc7a5
31.Qf6f8 Qa5d8
32.Rb2b8 Kxb8
33.Qf8xd8 Ba6c8
34.Qd8c7 Ka8
35.Qc7xa7 
1-0

[Event "Tourn. n8382"]
[Site "www.chess-mail.com"]
[Date "2015.11.13"]
[Round "1"]
[White "Xkafi"]
[Black "Geodad5"]
[WhiteElo "2090"]
[BlackElo "2200"]
[Result "0-1"]
[Round "1"]
1.e4 e5
2.Bf1c4 Ng8f6
3.Qd1f3 Bf8e7
4.Ng1e2 O-O
5.d3 Nb8c6
6.c3 Nc6a5
7.Bc4b5 a6
8.Bb5a4 b5
9.Ba4d1 Bc8b7
10.Ne2g3 d5
11.Ng3f5 dxe4
12.Qf3g3 g6
13.Nf5h6 Kg7
14.Qg3xe5 Be7d6
15.Qe5g5 exd3
16.O-O Rf8e8
17.Bc1e3 Re8e5
18.Qg5h4 c5
19.Be3g5 Bd6e7
20.Qh4f4 Re5e4
21.Qf4g3 Be7d6
22.f4 c4
23.Bd1f3 Re4e8
24.Nb1d2 Qd8c7
25.Qg3h4 Bd6e7
26.Ra1e1 Bb7xf3
27.Nd2xf3 Nf6d5
28.Nh6g4 f6
29.Bg5h6 Kf7
30.f5 Na5c6
31.Bh6d2 Re8h8
32.Ng4h6 Kg7
33.Re1e6 Ra8e8
34.Nh6g4 h5
35.Ng4e3 Nd5f4
36.Re6xc6 Nf4e2
37.Kh1 Qc7xc6
38.fxg6 Kxg6
39.Ne3f5 Be7c5
40.Nf5g3 Ne2xg3
41.hxg3 Qc6e4
42.Bd2f4 Qe4e2
43.Nf3d2 Re8e6
44.Kh2 Qe2g4
45.Nd2f3 Re6e2
46.Bf4d2 Bc5e7
47.Rf1e1 Qg4xf3
48.Re1xe2 Qf3xe2
49.Bd2f4 d2
{ resign }
0-1

[Event "Tourn. n8393"]
[Site "www.chess-mail.com"]
[Date "2015.11.13"]
[Round "1"]
[White "Gatrooper"]
[Black "Iko"]
[WhiteElo "1480"]
[BlackElo "1620"]
[Result "1-0"]
[Round "1"]
1.e4 e5
2.a3 Nb8c6
3.Ng1f3 Ng8f6
4.Nb1c3 d6
5.h3 Bc8e6
6.d3 Bf8e7
7.Bc1g5 Nf6h5
8.Bg5e3 h6
9.d4 Be7f6
10.Bf1b5 Nh5f4
11.Be3xf4 exf4
12.e5 dxe5
13.Bb5xc6 bxc6
14.O-O exd4
15.Nc3e4 Ra8b8
16.Ne4c5 Rb8xb2
17.Ra1b1 Rb2xb1
18.Qd1xb1 Qd8d5
19.Qb1b8 Bf6d8
20.Qb8xa7 O-O
21.Nc5xe6 fxe6
22.Nf3xd4 c5
23.Nd4f3 Rf8f7
24.Qa7a4 Qd5a2
25.Nf3e5 Rf7f5
26.Qa4e8 Rf5f8
27.Qe8d7 Rf8f5
28.Qd7xd8 Kh7
29.g4 Rf5xe5
30.Qd8xc7 Qa2b2
31.h4 Qb2xa3
32.Qc7xe5 f3
33.Qe5e4 g6
34.h5 Kg7
35.Qe4xg6 Kf8
36.Rf1e1 Qa3c3
37.Qg6xh6 Ke7
38.Qh6xe6 Kd8
39.Qe6e8 Kc7
40.Re1e7 Kb6
41.Qe8b8 Kc6
42.Qb8b7 Kd6
43.Qb7d7 
1-0

[Event "Tourn. n8450"]
[Site "www.chess-mail.com"]
[Date "2015.11.13"]
[Round "1"]
[White "Sonivano"]
[Black "Yangqi"]
[WhiteElo "2310"]
[BlackElo "2550"]
[Result "0-1"]
[Round "1"]
1.e4 g6
2.d4 Bf8g7
3.f4 d6
4.Ng1f3 a6
5.a4 Ng8f6
6.Nb1c3 c5
7.dxc5 Qd8a5
8.Bc1d2 Qa5xc5
9.Qd1c1 Nb8c6
10.Bf1e2 O-O
11.Bd2e3 Qc5b4
12.O-O Nf6xe4
13.Nc3xe4 Bg7xb2
14.Be3d2 Bb2xc1
15.Bd2xb4 Bc1e3
16.Kh1 Nc6xb4
17.c3 Nb4d5
18.g3 Bc8f5
19.Be2d3 Rf8c8
20.c4 Nd5b4
{ resign }
0-1

[Event "Tourn. n8415"]
[Site "www.chess-mail.com"]
[Date "2015.11.13"]
[Round "1"]
[White "Osopanda"]
[Black "Emerchess"]
[WhiteElo "1940"]
[BlackElo "1859"]
[Result "0-1"]
[Round "1"]
1.c4 e5
2.Nb1c3 Ng8f6
3.g3 a6
4.Bf1g2 Bf8e7
5.d3 O-O
6.Ng1f3 d6
7.O-O Nb8c6
8.e3 Bc8g4
9.Qd1c2 Qd8d7
10.Rf1e1 Rf8e8
11.Nf3g5 h6
12.Ng5e4 Bg4h3
13.f3 Bh3xg2
14.Qc2xg2 Nf6xe4
15.dxe4 Nc6b4
16.Re1d1 a5
17.a3 Nb4a6
18.Nc3d5 Na6c5
19.f4 Qd7c8
20.Bc1d2 Nc5b3
21.Bd2c3 Nb3xa1
22.Rd1xa1 Be7f8
23.Ra1d1 Ra8a6
24.f5 c6
25.Bc3e1 cxd5
26.cxd5 Qc8c7
27.Be1c3 Bf8e7
28.h4 Qc7b6
29.Rd1f1 Qb6xe3
30.Kh2 Re8c8
31.f6 Be7xf6
32.Rf1xf6 gxf6
33.g4 Ra6b6
34.g5 fxg5
35.hxg5 Qe3xg5
{ resign }
0-1

[Event "Tourn. n8378"]
[Site "www.chess-mail.com"]
[Date "2015.11.13"]
[Round "1"]
[White "Flick"]
[Black "Ditto"]
[WhiteElo "1870"]
[BlackElo "1830"]
[Result "0-1"]
[Round "1"]
1.d4 e6
2.e4 d5
3.e5 c5
4.c4 cxd4
5.Qd1xd4 Nb8c6
6.Qd4e3 d4
7.Qe3e2 Bf8c5
8.Ng1f3 Ng8e7
9.Qe2e4 Qd8a5
10.Nb1d2 Bc8d7
11.Bf1d3 Ne7f5
12.O-O O-O
13.Nd2b3 Qa5b6
14.Bc1d2 Nc6e7
15.Nb3xc5 Qb6xc5
16.Qe4xb7 Bd7c6
17.Qb7b3 Bc6xf3
18.gxf3 Qc5xe5
19.f4 Qe5f6
20.Bd3e4 Ra8b8
21.Qb3a3 Qf6g6
22.Be4g2 Nf5h4
23.Qa3g3 Nh4f5
24.Qg3g5 Rb8xb2
25.Bd2c1 Rb2c2
26.Bg2e4 Rc2xc4
27.Bc1a3 Rf8e8
28.Ba3xe7 Re8xe7
29.Ra1b1 Rc4c8
30.Kh1 Qg6xg5
31.fxg5 Re7c7
32.Be4b7 Rc8b8
 { time }
0-1

[Event "Tourn. n8419"]
[Site "www.chess-mail.com"]
[Date "2015.11.13"]
[Round "1"]
[White "Estonia"]
[Black "Cirovicz"]
[WhiteElo "2100"]
[BlackElo "2010"]
[Result "1/2-1/2"]
[Round "1"]
1.e4 c5
2.Ng1f3 e6
3.d4 cxd4
4.Nf3xd4 Nb8c6
5.Nd4xc6 dxc6
6.Bf1d3 Ng8f6
7.Bc1g5 Bf8e7
8.Nb1d2 Bc8d7
9.O-O h6
10.Bg5xf6 Be7xf6
11.c3 Qd8c7
12.f4 Qc7b6
13.Kh1 O-O-O
14.Nd2c4 Qb6c7
15.e5 Bf6e7
16.Qd1a4 a6
17.Qa4c2 g5
18.Ra1e1 f5
19.g3 b5
20.Nc4d2 c5
21.c4 Bd7c6
22.Kg1 gxf4
23.cxb5 Bc6xb5
24.Bd3xb5 axb5
25.g4 c4
26.gxf5 Be7c5
27.Kh1 Rd8d3
28.Rf1f3 Qc7c6
29.Re1f1 Bc5b4
30.Nd2xc4 bxc4
31.Qc2g2 Rd3xf3
32.Qg2xf3 Qc6xf3
33.Rf1xf3 exf5
34.Rf3xf4 Bb4d2
35.Rf4xc4 Kb7
36.Rc4c2 Bd2e3
37.Kg2 Rh8e8
38.Kf3 Re8xe5
39.h3 f4
40.Rc2c4 Re5g5
41.h4 Rg5g3
42.Ke4 Rg3h3
43.Rc4b4 Kc6
44.a4 Rh3xh4
45.Rb4b8 Rh4h5
46.b4 Be3a7
47.b5 Kc7
48.Rb8f8 Rh5h4
49.a5 Rh4h5
50.b6 Ba7xb6
51.axb6 Kxb6
{ draw }
1/2-1/2

[Event "Tourn. n8419"]
[Site "www.chess-mail.com"]
[Date "2015.11.13"]
[Round "1"]
[White "Cirovicz"]
[Black "Norlavuaram"]
[WhiteElo "2010"]
[BlackElo "2180"]
[Result "0-1"]
[Round "1"]
1.e4 e5
2.Ng1f3 Nb8c6
3.Bf1b5 a6
4.Bb5a4 Ng8f6
5.Ba4xc6 dxc6
6.Nf3xe5 Qd8d4
7.Ne5f3 Qd4xe4
8.Qd1e2 Qe4xe2
9.Kxe2 Bf8c5
10.d4 Bc5d6
11.Rh1e1 O-O
12.Kf1 Bc8f5
13.c4 c5
14.dxc5 Bd6xc5
15.Bc1e3 Bc5b4
16.Nb1d2 Ra8d8
17.a3 Bf5d3
18.Kg1 Bb4xd2
19.Nf3xd2 Rf8e8
20.Be3g5 Re8e6
21.Re1xe6 fxe6
22.Ra1e1 Kf7
23.h3 h6
24.Bg5xf6 gxf6
25.f4 Bd3g6
26.Nd2f3 Rd8d3
27.Kf2 Rd3b3
28.Re1e2 Bg6d3
29.Re2d2 Bd3xc4
30.g4 Bc4d5
31.Nf3d4 Rb3xh3
32.f5 Rh3h2
33.Ke3 Rh2xd2
34.Kxd2 c5
35.fxe6 Bd5xe6
36.Nd4e2 Be6xg4
37.Ne2c3 h5
38.Nc3a4 c4
39.Na4c5 Bg4f3
{ resign }
0-1

[Event "Tourn. n8450"]
[Site "www.chess-mail.com"]
[Date "2015.11.13"]
[Round "1"]
[White "Sonivano"]
[Black "Cathar"]
[WhiteElo "2310"]
[BlackElo "2270"]
[Result "0-1"]
[Round "1"]
1.e4 e6
2.d4 d5
3.Nb1d2 Ng8f6
4.e5 Nf6d7
5.Bf1d3 c5
6.c3 Nb8c6
7.Ng1e2 cxd4
8.cxd4 f6
9.exf6 Nd7xf6
10.O-O Bf8d6
11.Nd2f3 Qd8c7
12.Rf1e1 O-O
13.Ne2g3 Bc8d7
14.Bc1g5 Nf6g4
15.Ra1c1 Qc7b6
16.h3 Ng4xf2
17.Kxf2 Qb6xd4
18.Bg5e3 Qd4h4
{ resign }
0-1

[Event "Tourn. n8352"]
[Site "www.chess-mail.com"]
[Date "2015.11.13"]
[Round "1"]
[White "Numanoid"]
[Black "Senitram"]
[WhiteElo "2500"]
[BlackElo "2630"]
[Result "1/2-1/2"]
[Round "1"]
1.e4 c5
2.Ng1f3 Nb8c6
3.d4 cxd4
4.Nf3xd4 e5
5.Nd4b5 d6
6.c4 Ng8f6
7.Nb1c3 Bf8e7
8.Nc3d5 O-O
9.Nd5xe7 Qd8xe7
10.f3 a6
11.Nb5c3 Bc8e6
12.Bc1e3 Ra8c8
13.Bf1e2 Nc6d8
14.Nc3d5 Nf6xd5
15.cxd5 Be6d7
16.Ra1c1 f5
17.Rc1xc8 Bd7xc8
18.Qd1c2 f4
19.Be3b6 Nd8f7
20.O-O g6
21.b3 h5
22.Rf1c1 Bc8d7
23.a4 Kg7
24.Qc2b2 Rf8c8
25.Rc1xc8 Bd7xc8
26.Qb2c3 Qe7d7
27.Qc3c7 { draw }
1/2-1/2

[Event "Tourn. n8469"]
[Site "www.chess-mail.com"]
[Date "2015.11.13"]
[Round "1"]
[White "Umzi"]
[Black "Mitja"]
[WhiteElo "2200"]
[BlackElo "2000"]
[Result "1-0"]
[Round "1"]
1.e4 d5
2.exd5 Qd8xd5
3.Nb1c3 Qd5d8
4.Ng1f3 e6
5.d4 c6
6.Bf1c4 h6
7.O-O Ng8f6
8.Rf1e1 Bf8e7
9.h3 Nb8d7
10.Bc1e3 Nd7b6
11.Bc4b3 Nb6d5
12.Nc3xd5 Nf6xd5
13.c4 Nd5xe3
14.Re1xe3 b6
15.Bb3c2 Bc8b7
16.Qd1d3 Qd8d7
17.Ra1e1 O-O-O
18.Re1d1 g5
19.a3 f5
20.Nf3e5 Qd7e8
21.Bc2a4 Kc7
22.b4 Be7d6
23.Qd3c3 Bd6xe5
24.Re3xe5 Kb8
25.Rd1e1 Bb7c8
26.d5 Rd8d6
27.dxc6 Qe8e7
28.Re5xf5 Qe7d8
29.Rf5e5 Rd6d3
30.Qc3c1 Rd3d6
31.b5 Qd8f6
32.c5 Rd6d5
33.Re5xd5 exd5
34.cxb6 axb6
35.Qc1e3 Qf6d6
36.Qe3xb6 Ka8
37.Qb6e3 Kb8
38.Ba4d1 d4
39.Qe3d3 Kc7
40.a4 Kb6
41.Bd1f3 Qd6b4
42.Re1a1 Rh8d8
43.a5 { resign }
1-0

[Event "Tourn. n8385"]
[Site "www.chess-mail.com"]
[Date "2015.11.13"]
[Round "1"]
[White "Nimzo"]
[Black "Capitaine"]
[WhiteElo "2800"]
[BlackElo "2380"]
[Result "1-0"]
[Round "1"]
1.d4 Ng8f6
2.c4 c5
3.d5 b5
4.cxb5 a6
5.bxa6 Bc8xa6
6.Nb1c3 d6
7.e4 Ba6xf1
8.Kxf1 g6
9.Ng1f3 Bf8g7
10.g3 O-O
11.Kg2 Nb8d7
12.a4 Nf6g4
13.Qd1e2 Ng4e5
14.Nf3d2 Nd7b6
15.a5 Ne5d7
16.Ra1a3 Nb6c8
17.Nd2c4 Nd7b8
18.h4 h6
19.f4 Nb8a6
20.h5 Na6b4
21.hxg6 fxg6
22.f5 Qd8e8
23.Bc1xh6 Rf8f6
24.Bh6xg7 Kxg7
25.fxg6 Qe8xg6
26.Rh1h4 Nc8a7
27.Rh4g4 { resign }
1-0

[Event "Tourn. n8469"]
[Site "www.chess-mail.com"]
[Date "2015.11.13"]
[Round "1"]
[White "Masteratches"]
[Black "Norlavuaram"]
[WhiteElo "2069"]
[BlackElo "2280"]
[Result "1-0"]
[Round "1"]
1.d4 Ng8f6
2.Bc1g5 d5
3.e3 e6
4.Nb1d2 Bf8e7
5.Bf1d3 O-O
6.Ng1f3 Nb8d7
7.c3 c5
8.O-O a6
9.Nf3e5 Nd7xe5
10.dxe5 Nf6d7
11.Bg5xe7 Qd8xe7
12.f4 b5
13.a4 Ra8b8
14.axb5 axb5
15.Qd1h5 g6
16.Qh5h6 c4
17.Bd3c2 b4
18.Nd2f3 f6
19.exf6 Qe7xf6
20.Nf3g5 Qf6e7
21.Bc2xg6 hxg6
22.Qh6xg6 Qe7g7
23.Qg6xe6 Kh8
24.Rf1f3 Qg7f6
25.Qe6h3 { resign }
1-0

[Event "Tourn. n8458"]
[Site "www.chess-mail.com"]
[Date "2015.11.13"]
[Round "1"]
[White "Genius7"]
[Black "Dulap"]
[WhiteElo "1770"]
[BlackElo "1619"]
[Result "1/2-1/2"]
[Round "1"]
1.b3 e5
2.Bc1b2 Nb8c6
3.c4 Ng8f6
4.g3 Bf8e7
5.Bf1g2 d6
6.Nb1c3 O-O
7.Nc3d5 Bc8e6
8.Nd5xe7 Qd8xe7
9.e3 Qe7d7
10.Ng1e2 Ra8d8
11.O-O Rf8e8
12.d4 exd4
13.exd4 Be6g4
14.f3 Bg4h3
15.Ne2f4 Bh3xg2
16.Kxg2 Qd7f5
17.Qd1d2 Qf5d7
18.Rf1e1 d5
19.c5 h6
20.b4 a6
21.a4 b5
22.axb5 axb5
23.Re1xe8 Rd8xe8
24.Ra1e1 g5
25.Re1xe8 Qd7xe8
26.Nf4d3 Qe8a8
27.Bb2c3 Qa8a3
28.Qd2b2 Qa3a4
29.Kh3 Qa4d1
30.Nd3e1 g4
31.fxg4 Qd1xg4
32.Kg2 Nf6e4
33.Ne1f3 f5
34.Nf3e5 Nc6xe5
35.dxe5 Ne4xc3
36.Qb2xc3 Qg4e4
37.Kg1 { draw }
1/2-1/2

[Event "Tourn. n8333"]
[Site "www.chess-mail.com"]
[Date "2015.11.13"]
[Round "1"]
[White "Jhw"]
[Black "Coraza"]
[WhiteElo "1779"]
[BlackElo "1860"]
[Result "1-0"]
[Round "1"]
1.e4 e5
2.Ng1f3 Nb8c6
3.Bf1c4 h6
4.O-O Ng8f6
5.Nb1c3 Bf8c5
6.d3 O-O
7.Bc4b5 a6
8.Bb5xc6 dxc6
9.Nf3xe5 Bc5d4
10.Ne5f3 Bc8g4
11.Bc1d2 b5
12.a3 Bd4e5
13.h3 Bg4xf3
14.Qd1xf3 Qd8e8
15.Ra1b1 Be5d6
16.Rb1e1 c5
17.Bd2xh6 Qe8e5
18.g3 gxh6
19.Kg2 Ra8b8
20.Rf1h1 Kh8
21.h4 Nf6h7
22.Rh1h3 Rf8g8
23.Qf3xf7 Rb8f8
24.Qf7d7 Nh7f6
25.Qd7c6 Rf8a8
26.Re1e3 Rg8b8
27.Nc3d5 Nf6g4
28.Re3f3 Rb8d8
29.Nd5f4 Ng4f6
30.Nf4g6 Kh7
31.Ng6xe5 Bd6xe5
32.Rf3xf6 Be5xf6
33.Qc6xf6 Rd8f8
34.Qf6e7 Kg8
35.Qe7xc7 Ra8c8
36.Qc7b6 c4
37.Qb6xh6 c3
38.bxc3 Rc8xc3
39.Qh6e6 Rf8f7
40.Qe6xa6 Rc3xc2
41.Qa6b6 Rc2b2
42.Qb6g6 Kf8
43.Qg6d6 Kg8
44.Qd6g6 Rf7g7
45.Qg6xg7 Kxg7
46.g4 Rb2a2
47.d4 Ra2d2
48.d5 Rd2e2
49.Rh3e3 Re2d2
50.h5 Kh6
51.Kg3 Kg5
52.f4 Kh6
53.f5 Rd2d1
54.Kf2 Kg5
55.Re3g3 Rd1d2
56.Ke3 Rd2a2
57.d6 Ra2xa3
58.Kd4 Ra3a4
59.Ke5 Ra4a7
60.Ke6 Ra7a6
61.Ke7 Ra6a7
62.d7 { resign }
1-0

[Event "Match"]
[Site "www.echecsemail.com"]
[Date "2015.11.13"]
[Round "1"]
[White "Guidom"]
[Black "Mitja"]
[WhiteElo "2070"]
[BlackElo "1990"]
[Result "1-0"]
[Round "1"]
1.e4 d5
2.e5 e6
3.f4 a6
4.d4 c6
5.c3 Ng8e7
6.Ng1f3 Ne7f5
7.Bf1d3 g6
8.Bd3xf5 gxf5
9.Bc1e3 Nb8d7
10.Nf3g5 h6
11.Qd1h5 Qd8e7
12.Nb1d2 Bf8g7
13.Ng5h3 b5
14.Nd2b3 Bc8b7
15.a4 Nd7b6
16.Nb3c5 Nb6xa4
17.Nc5xa4 bxa4
18.Ra1xa4 Kd7
19.b4 Rh8g8
20.O-O f6
21.exf6 Qe7xf6
22.Be3f2 Bg7f8
23.Bf2h4 Qf6g7
24.Qh5e2 Bf8e7
25.Bh4g3 Qg7g6
26.Rf1e1 h5
27.Qe2f3 Rg8g7
28.Re1e2 h4
29.Bg3e1 Ra8g8
30.Ra4a2 Bb7c8
31.Qf3e3 Kd6
32.Qe3e5 Kd7
33.Qe5b8 Be7d6
34.Qb8a7 Bd6c7
35.Be1xh4 Qg6h5
36.Bh4g3 Kd8
37.Qa7a8 Kd7
38.Nh3g5 Rg7g6
39.Qa8a7 Kd8
40.Qa7c5 Kd7
41.Ng5xe6 Rg6xe6
42.Re2xe6 Kxe6
43.Qc5xc6 Bc7d6
44.Kf2 Rg8d8
45.Ra2e2 Kf6
46.Qc6xd5 Qh5f7
47.Bg3h4 Kg7
48.Qd5xf7 { resign }
1-0

[Event "Match"]
[Site "www.echecsemail.com"]
[Date "2015.11.13"]
[Round "1"]
[White "Guidom"]
[Black "Mitja"]
[WhiteElo "2070"]
[BlackElo "1990"]
[Result "1-0"]
[Round "1"]
1.d4 d5
2.Bc1f4 c6
3.c3 e6
4.Ng1f3 Nb8d7
5.Nb1d2 Nd7b6
6.e3 h6
7.Bf1d3 Ng8e7
8.O-O Ne7g6
9.Bf4g3 Bf8e7
10.Bd3xg6 fxg6
11.Nf3e5 O-O
12.Ne5xg6 Rf8f7
13.Ng6e5 Rf7f8
14.Nd2f3 Nb6d7
15.Qd1d3 Nd7xe5
16.Nf3xe5 Be7f6
17.f4 Bf6xe5
18.fxe5 b6
19.b3 a5
20.Qd3g6 Bc8a6
21.Qg6xe6 Kh8
22.Rf1xf8 Qd8xf8
23.h3 Ra8c8
24.Bg3f4 Qf8a3
25.Qe6g6 Qa3b2
26.Qg6b1 Qb2xc3
27.Qb1e1 Qc3d3
28.Ra1d1 Qd3e4
29.Rd1c1 g5
30.Bf4g3 Rc8f8
31.Qe1d2 Qe4g6
32.Qd2c3 Rf8c8
33.Qc3c2 Qg6e6
34.e4 Kg7
35.a3 h5
36.Bg3f2 g4
37.hxg4 Qe6xg4
38.Rc1e1 h4
39.Re1e3 Ba6b7
40.Qc2e2 Qg4g5
41.exd5 cxd5
42.e6 Rc8g8
43.Qe2f3 Rg8f8
44.Qf3h3 Rf8h8
45.e7 { resign }
1-0

[Event "Match"]
[Site "www.echecsemail.com"]
[Date "2015.11.13"]
[Round "1"]
[White "Irene"]
[Black "Pinehill"]
[WhiteElo "1970"]
[BlackElo "1820"]
[Result "0-1"]
[Round "1"]
1.d4 Ng8f6
2.Nb1c3 e6
3.e4 Bf8b4
4.Bc1d2 O-O
5.a3 Bb4xc3
6.Bd2xc3 d5
7.e5 Nf6d7
8.Bf1d3 c5
9.Qd1h5 g6
10.Qh5h3 a6
11.Ng1f3 Nb8c6
12.dxc5 Nd7xc5
13.Bd3e2 Nc5e4
14.Bc3d2 Ne4xd2
15.Kxd2 Kg7
16.g3 Bc8d7
17.Qh3h4 Qd8xh4
18.Nf3xh4 Nc6xe5
19.f4 Ne5c4
20.Kc3 Ra8c8
21.Kb3 Nc4d2
22.Ka2 Rc8xc2
23.Be2d3 Rc2c7
24.Rh1d1 Nd2c4
25.Ra1c1 Rf8c8
26.Nh4f3 b5
27.h4 Nc4e3
28.Rc1xc7 Rc8xc7
29.Rd1e1 Ne3c4
30.Re1c1 Rc7b7
31.Rc1c2 f6
32.Kb3 a5
33.g4 Nc4e3
34.Rc2e2 Ne3xg4
35.Nf3d4 e5
36.fxe5 Ng4xe5
37.Bd3c2 Rb7c7
38.Re2g2 Ne5c4
39.Rg2e2 a4
40.Kb4 Nc4xb2
41.Nd4xb5 Bd7xb5
42.Kxb5 d4
43.Bc2xa4 Nb2xa4
44.Kxa4 f5
45.Re2e6 Rc7d7
46.Re6e2 Kf6
47.Re2d2 f4
48.Kb5 h6
49.a4 g5
50.a5 d3
51.a6 Ke5
52.Kb6 f3
53.a7 Rd7xa7
54.Kxa7 Ke4
55.Rd2d1 f2
56.Kb6 Ke3
57.Kc5 Ke2
58.Rd1h1 f1Q
59.Rh1xf1 Kxf1
60.Kc4 d2
61.Kc3 d1Q
62.Kc4 gxh4
{ resign }
0-1

[Event "Match"]
[Site "www.echecsemail.com"]
[Date "2015.11.13"]
[Round "1"]
[White "Add"]
[Black "Goosebumps"]
[WhiteElo "1970"]
[BlackElo "2119"]
[Result "1/2-1/2"]
[Round "1"]
1.e4 c5
2.d4 cxd4
3.Qd1xd4 Nb8c6
4.Qd4d1 Ng8f6
5.Nb1c3 e5
6.h3 Bf8c5
7.Ng1f3 d6
8.a3 Bc8e6
9.Bc1g5 h6
10.Bg5h4 O-O
11.Bf1d3 Qd8b6
12.b4 Bc5d4
13.Nf3xd4 Qb6xd4
14.Nc3b5 Qd4b6
15.Bh4xf6 gxf6
16.Nb5xd6 Ra8d8
17.Nd6f5 Be6xf5
18.exf5 Kh7
19.Qd1c1 Rf8g8
20.O-O Rg8g7
21.Bd3e4 Nc6d4
22.Qc1e3 Qb6c7
23.Ra1d1 Rd8g8
24.g3 Nd4xc2
25.Be4xc2 Qc7xc2
26.Rd1d2 Qc2xf5
27.Kh2 b6
28.Rf1c1 Rg8c8
29.Rc1xc8 Qf5xc8
{ draw }
1/2-1/2

[Event "Match"]
[Site "www.echecsemail.com"]
[Date "2015.11.13"]
[Round "1"]
[White "Acucar1"]
[Black "Billyg"]
[WhiteElo "1540"]
[BlackElo "1680"]
[Result "1-0"]
[Round "1"]
1.e4 e5
2.Ng1f3 f6
3.Bf1c4 Ng8e7
4.d4 exd4
5.Nf3xd4 c5
6.Qd1h5 Ne7g6
7.Nd4f5 Nb8c6
8.O-O d6
9.Nf5h4 Nc6e5
10.Nh4xg6 hxg6
11.Bc4b5 Kf7
12.Qh5xh8 a6
13.Bb5e2 g5
14.f4 Ne5g6
15.Be2h5 Bc8g4
16.f5 Bg4xh5
17.Qh8xh5 Ke7
18.fxg6 d5
19.e5 Qd8b6
20.exf6 gxf6
21.Qh5h7 Kd6
22.Rf1xf6 { resign }
1-0

[Event "Match"]
[Site "www.echecsemail.com"]
[Date "2015.11.13"]
[Round "1"]
[White "Rindrandria"]
[Black "Ranjachess"]
[WhiteElo "1590"]
[BlackElo "1700"]
[Result "1-0"]
[Round "1"]
1.e4 e5
2.a3 c6
3.d4 f6
4.dxe5 fxe5
5.Qd1h5 Ke7
6.Qh5xe5 Kf7
7.Bf1c4 d5
8.exd5 Qd8e8
9.dxc6 Bc8e6
10.cxb7 Be6xc4
11.Qe5xe8 Kxe8
12.bxa8Q Bf8d6
13.Qa8e4 Bd6e7
14.Qe4xc4 Nb8d7
15.Qc4g4 g6
16.Qg4d4 Ng8f6
17.Qd4xa7 h5
18.Bc1d2 Rh8f8
19.Bd2a5 g5
20.Nb1c3 g4
21.O-O-O Be7c5
22.Qa7a8 Kf7
23.Qa8b7 Bc5xf2
24.Rd1xd7 Nf6xd7
25.Qb7xd7 Kg8
26.Ng1e2 Rf8f7
27.Qd7e6 Kg7
28.Nc3e4 Bf2e3
29.Ba5d2 Be3xd2
30.Ne4xd2 Rf7f6
31.Qe6e5 Kg6
32.Ne2f4 Kf7
33.Qe5xh5 Ke7
34.Nf4d5 Ke6
35.Rh1e1 Kd6
36.Nd5xf6 Kc7
37.Qh5xg4 Kd6
38.Re1e6 Kc5
39.Qg4c4 
1-0

[Event "Match"]
[Site "www.echecsemail.com"]
[Date "2015.11.13"]
[Round "1"]
[White "Carlosto"]
[Black "Daviko"]
[WhiteElo "1420"]
[BlackElo "1600"]
[Result "0-1"]
[Round "1"]
1.d4 d5
2.Nb1c3 e6
3.e4 Bf8b4
4.Bc1d2 dxe4
5.Bd2e3 Ng8f6
6.Bf1c4 O-O
7.Ng1e2 Qd8d6
8.O-O Nf6g4
9.Nc3xe4 Qd6xh2
{ resign }
0-1